Online Catalogue and eLibrary

Writing an inheritance : (Record no. 3361)

MARC details
000 -LEADER
fixed length control field 00550nam a2200193Ia 4500
005 - DATE AND TIME OF LATEST TRANSACTION
control field 20240614035110.0
008 - FIXED-LENGTH DATA ELEMENTS--GENERAL INFORMATION
fixed length control field 240331s9999 xx 000 0 und d
020 ## - INTERNATIONAL STANDARD BOOK NUMBER
ISBN 9559261207
082 ## - DDC Classification
Item Number - Author Mark WRI
Class No. 823
245 #0 - TITLE STATEMENT
Title Writing an inheritance :
Remainder of title women's writing in Sri Lanka 1860-1948
260 ## - PUBLICATION, DISTRIBUTION, ETC.
Place of publication, distribution, etc. Colombo
Name of publisher, distributor, etc. Women's Education & Research Centre
Date of publication, distribution, etc. 2002
300 ## - PHYSICAL DESCRIPTION
Extent (e.g. Volumes, Pages etc.) ix, 376 p ., ( V - 1)
650 ## - SUBJECT ADDED ENTRY--TOPICAL TERM
Topical term or geographic name entry element Women
650 ## - SUBJECT ADDED ENTRY--TOPICAL TERM
Topical term or geographic name entry element Feminist Scholar
650 ## - SUBJECT ADDED ENTRY--TOPICAL TERM
Topical term or geographic name entry element Politics
700 ## - ADDED ENTRY--PERSONAL NAME
Personal name Mel De Neloufer
Relator term (Role) Editor
700 ## - ADDED ENTRY--PERSONAL NAME
Personal name Samarakkody, Minoli
Relator term (Role) Editor
942 ## - Koha item type (Biblio)
Koha item type Books in Stacks (Lending)
Holdings
Lost status Damaged status Collection code Home library Current library Shelving location Date acquired Full call number Accession Number Item type
    Lending WERC Library WERC Library Social Science Cupboard 03/31/2024 823 WRI 4745 Books in Stacks (Lending)

© WERC Library